000 00956nam a2200229Ia 4500
999 _c37654
_d37654
001 3626
003 GE_BSU
005 20190603144558.0
008 181216s1968||||ge |||||||||||||| ||geo||
040 _cGE_BSU
041 _ageo
080 _a556(075.8) ჰ–60
100 _aბიჩიკაშვილი, ბ.
_91964
245 _aჰიდროლოგია : სახელმძღვანელო /
_cბ.ბიჩიკაშვილი ; ,ნ. დანელია ; ლ. გველესიანი ; რედ : პ.ლაბარტყავა.
264 _aთბილისი :
_bგანათლება,
_c1968.
300 _a242გვ .:
_bილ;
_c23 სმ.
653 _aჰიდროლოგია
700 _aდანელია,ნ
_91317
700 _aგველესიანი,ლ
_91965
700 _aლაბარტყავა, პ
_eრედაქტორი
_9523
942 _cBK
_2udc